Viva o povo brasileiro (Record no. 45411)

MARC details
000 -Etiqueta do registo
Valores 00647nam a2200229 04500
010 ## - Número ISBN
ISBN 9789898236012
021 ## - Número do Depósito Legal
Número 287310/09
100 ## - Dados gerais de processamento
Dados gerais 20100608d2009 m y0pory5003 ba
101 0# - Língua de publicação
Língua por
102 ## - País de publicação
País PT
200 1# - Titulo e menção de responsabilidade
Título próprio Viva o povo brasileiro
Primeira menção de responsabilidade João Ubaldo Ribeiro
Outras menções de responsabilidade rev. Lídia Freitas
205 ## - Menção da edição
Edição 1.ª ed.
210 #9 - Publicação
Local de publicação Lisboa
Nome do editor Edicões Nelson de Matos
Data de publicação 2009
215 ## - Descrição física 
Paginação / Volumes 846, [1] p.
Dimensões 21cm
225 2# - Colecção 
Título próprio da colecção Mil horas de leitura
Indicação de volume 7
675 ## - CDU
Notação 821.134.3(81)-31"19/20"
Edição BN
Língua por
700 #1 - Autor principal
Apelido Ribeiro,
Nome João Ubaldo,
Datas 1941-2014
702 #1 - Autor secundário
Apelido Freitas,
Nome Lídia,
Datas 1965-
Função 675
801 #0 - Fonte de origem
País PT
Agência BN
Regras de catalogação RPC
990 ## - Elementos KOHA
Tipo de documento Livro
Holdings
Aquisição Empréstimo Código de barras Cota Permissão de empréstimo Tipo de documento
Biblioteca Escolar Doutor Hernâni Cidade Biblioteca Escolar Doutor Hernâni Cidade 81673 82-31 RIB ROMANCE   Livro

Powered by Koha